| 000 | 01120nam a22003137a 4500 | ||
|---|---|---|---|
| 003 | CHAP | ||
| 005 | 20220329135832.0 | ||
| 008 | 971013s1980 r 00010 d | ||
| 010 | _a43040 | ||
| 011 | _a44012 | ||
| 035 | _a48150 | ||
| 040 | _cCHAP | ||
| 082 |
_a634.982 _bM47 |
||
| 110 |
_aMéxico. Dirección General para el Desarrollo Forestal _977058 |
||
| 245 | _aSistema de cable aéreo (tipo europeo) en la extracción de trocería y leñas | ||
| 260 |
_aMéxico, D.F. : _bLa Dirección, _c1980 |
||
| 300 |
_a146 p. _b: ilus |
||
| 590 |
_aBATCH-UPD _b10 _c20130110 _lUCH01 _h1744 |
||
| 590 |
_aBATCH-UPD _b10 _c20130410 _lUCH01 _h1123 |
||
| 590 |
_aBATCH-UPD _b10 _c20130914 _lUCH01 _h0713 |
||
| 590 |
_aCONVERSION _b10 _c20130109 _lUCH01 _h1324 |
||
| 650 | 1 | 4 |
_aBosques _xExtracción. _914174 |
| 650 | 1 | 4 |
_aMadera _xTransporte. _969633 |
| 901 | _aBK | ||
| 942 | _cLIBRO | ||
| 949 |
_a634.982 M47 _bBC _cLIBRO _d-109240 _eLIBRO _fc.3 _h60889 _i48150 _mD _si |
||
| 949 |
_a634.982 M47 _bBC _cLIBRO _d33724000140356 _eLIBRO _h58942 _i48150 _mD _si |
||
| 949 |
_a634.982 M47 _bBC _cLIBRO _d33724000243499 _eLIBRO _fc.2 _h58943 _i48150 _mD _si |
||
| 999 |
_c43040 _d43040 |
||